000 00571cam a2200205 4500
001 D2628
008 090401t1970 xxu||||| |||| 00| 0 eng d
035 _a(Sirsi) u70018
041 _aeng
050 _a333.00601
110 _aCommonwealth Association of Surveying and Land Economy
_92570
245 4 _aThe surveyor`s profession in Commonwealth countries: a handbook of professional societies
250 _a2nd
260 _aLondon
_bCASLE
_c1970
300 _a32p. 30cm
350 _a0.5
520 _aShelved at F333.00601
942 _n0
948 _c04/03/1997
999 _c95271
_d95271